Регионална библиотека "Любен Каравелов" - Русе

Завещанието (Запис номер 175662)

MARC детайли
000 -Лидер
Контролно поле с фиксирана дължина 01231nam a2200349 c 4500
003 - Код на организацията, давaща контролен номер
Контролно поле BLK
005 - Дата и час на последна редакция
Контролно поле 20250604101913.0
008 - Елементи от данни с фиксирана дължина
fixed length control field 180411b bul|||||r ||||||| ||bul||
010 ## - Наследен системен номер
LC control number KNG00184256000
020 ## - Международен стандартен номер на книга ISBN
Международен стандартен номер на книга ISBN 978-619-157-131-4
-- издат.: Ибис
040 ## - Източник на каталожния запис
Идентификатор на билиотеката - собственик на записа BLK
041 ## - Код за език
Код за езика на текст/звукозапис или на отделно заглавие Български
Код за езика КДБФ Български
072 #7 - Код за тематичната категория
Код организация bullib
Код за тематична категория Н8300
Текст Романтична проза Н
080 ## - УДК
Текстов определител УДК Американска литература (на САЩ)
УДК код - определител по УДК 821.111(73)
УДК определител -31
УДК - код + определител 821.111(73)-31
100 1# - Редна дума - Автор
Автор Ашли, Кристен
Авторска отговорност първи автор
R(LIN) 340267
139 ## - Редно поле
Редна дума Ашли, Кристен
Авторски знак Аш - А 98
245 10 - Сведения за заглавието
Заглавие Завещанието
Подзаглавни данни Роман
Редно поле (дума) Кристен Ашли; прев. Вера Паунова.
257 ## - Страна на издаване
Страна на създаване/издаване Съединени американски щати
260 ## - Област на издателските данни
-- София
Име на издателя, разпространителя и проч. Ибис
Година на издаване 2015
Печатница София : Симолини
300 ## - Физическа характеристика
Страници 609 с.
Размери/Мащаб 21 см
380 ## - Жанр
Жанр Худож. лит.
500 ## - Общи забележки
Забележка За авторката.
653 ## - Ключова дума – ненормативна
Ключова дума романи
659 ## - Тематичен бюлетин
Тематичен бюлетин Н
700 1# - Други автори (авторска отговорност)
Лично име Паунова, Вера
Автороска отговорност (Описва отношението между автора и произведението) прев.
9 (RLIN) 371372
852 ## - Местоположение
Форматна сигнатура Цб 277764
856 4# - Електронен адрес и достъп
Електронен формат pdf - файл
Път до файла /url/
856 4# - Електронен адрес и достъп
Електронен формат pdf - файл
Път до файла /url/
942 ## - АРТИКУЛИ
Вид на библиотечния материал Книги
Скрит в OPAC Не
Koha issues (borrowed), all copies 90
944 ## - СЪЗДАВАНЕ И РЕДАКЦИЯ на ЗАПИСА
Създаване/Редакция Създаване
Дата на регистрацията/редакция 29.10.2015
Статус, дата на статуса Цветелина Шанова
Служител, извършил регистрацията/редакцията 30531
944 ## - СЪЗДАВАНЕ И РЕДАКЦИЯ на ЗАПИСА
Създаване/Редакция Редакция
Дата на регистрацията/редакция 17.08.2016
Статус, дата на статуса ф /
Служител, извършил регистрацията/редакцията Геновева_Генчева
999 ## - СИСТЕМНИ КОНТРОЛНИ НОМЕРА
Koha biblionumber 175662
Koha biblioitemnumber 175662
Наличности
Код за отписване Код за изгубен артикул Източник на класификационната схема Код за повреда Коз за рестрикции Код за отдаване Артикулен № Име на библиотеката - собственик Име на библиотеката, в която се намира в момента Статус (Текущо местоположение) Дата на вписване в системата Местоположение - отдел Цена в лева Инвентарен номер Систематично азбучна сигнатура Баркод Номер на екземпляра Цена в евро Служебна бележка Служебен тип на артикула
  Не е изгубен Universal Decimal Classification Не е повреден без рестрикции заемане за дома 302382 Регионална библиотека "Любен Каравелов" Русе Регионална библиотека "Любен Каравелов" Русе Заемна - подръчен фонд 2015-10-29 Заемна - подръчен фонд 13.21 120000794202 П 820(73)-31/А 98 120000794202 1 6.75 Дост: Pk Вид: Ф N: 555 Дата: 23.10.2015 Дата инв: 28.02.2018 Бележки инв: П2018 Книги
  Не е изгубен   Не е повреден без рестрикции ползва се в читалня 302383 Регионална библиотека "Любен Каравелов" Русе Регионална библиотека "Любен Каравелов" Русе Хранилище 2016-05-17 Хранилище 16.90 120000800090 Цб 277764 120000800090 2 8.64 Дост: Dp Вид: Д N: 14 Дата: 18.03.2016 Книги
Изтеглен Не е изгубен Universal Decimal Classification Не е повреден без рестрикции заемане за дома 302384 Регионална библиотека "Любен Каравелов" Русе Регионална библиотека "Любен Каравелов" Русе Заемна - подръчен фонд 2016-07-21 Заемна - подръчен фонд 13.18 120000802403 П 820(73)-31/А 98 120000802403 3 6.74 Дост: Pk Вид: Ф N: 700 Дата: 19.07.2016 Книги
Vip Innovations Ltd, Rousse, Bulgaria 2025